00677nam a2200169 i 450000100060000000300090000600500170001500700030003200800410003511100700007624501340014626000650028030000490034565000460039471000450044085200220048546592ES-MaACL20230906161420.0t|030331s1966 sp f |||| | spa d2 aCongreso Nacional de Medicina Interna (n7º. d1966. cPamplona)10aFibrosis y enfisema pulmonar... tiroides b: ponencias y resúmenes de comunicaciones VII Congreso Nacional de Medicina Interna. a[Madrid : bSociedad Española de Medicina Interna, c1966] a348 p., 8 p. de 3 lám., 3 lám ; c24 cm.04aMedicina interna-vCongresos y asambleas.2 aSociedad Española de Medicina Interna. aES-MaACLjC-32025